[Event "Budapest Hunguest Hotels"]
[Site "Budapest"]
[Date "2003.04.14"]
[Round "4"]
[White "Movsesian, Sergei"]
[Black "Gelfand, Boris"]
[Result "1/2-1/2"]
[WhiteElo "2659"]
[BlackElo "2700"]
[Annotator "Gelfand,B"]
[PlyCount "83"]
[EventDate "2003.04.11"]
[EventType "tourn"]
[EventRounds "9"]
[EventCountry "HUN"]
[EventCategory "17"]
[SourceTitle "CBM 095"]
[Source "ChessBase"]
[SourceDate "2003.07.25"]
[SourceVersion "1"]
[SourceVersionDate "2003.07.25"]
[SourceQuality "1"]

1. e4 {Ftacnik} c5 2. Nf3 d6 3. d4 cxd4 4. Nxd4 Nf6 5. Nc3 a6 6. g3 e5 7. Nb3
Nbd7 8. Bg2 b5 9. O-O Be7 10. Bd2 O-O 11. Re1 Nb6 $1 $146 12. a4 $6 (12. Na5
$142 Bg4 13. Qc1 $13) 12... Bg4 $1 13. Qc1 (13. f3 Bd7 $15) 13... Qd7 (13... b4
$5 14. Nd5 (14. Nd1 a5 15. Ne3 Be6 $15) 14... Nfxd5 15. exd5 a5 16. c3 (16. c4
Qc7) 16... Qd7 $1 17. cxb4 (17. f3 Bf5) 17... Rfc8 18. Qb1 axb4 $15) (13... Bd7
14. axb5 axb5 15. Rxa8 Qxa8 16. Be3 b4 (16... Nc4 17. Bg5) 17. Bxb6 bxc3 18.
bxc3 $11) 14. axb5 axb5 15. Na5 $1 Be6 (15... Rfc8 16. Nd5) (15... Bh3 $5 16.
Nc6 $5 (16. Bh1 Be6 17. Bg5) 16... Bxg2 (16... Qxc6 17. Rxa8 Rxa8 18. Bxh3 b4
19. Nd5 Nbxd5 20. exd5 Nxd5 21. Bg2 $11) 17. Nxe7+ Qxe7 18. Rxa8 Rxa8 19. Kxg2
b4 20. Nd1 $15) 16. Bg5 $1 $11 (16. Be3 Na4 (16... b4 $5) 17. Nxa4 bxa4 18. b4
d5 $15) 16... b4 {Ftacnik: 'Gelfand doesn't seem to believe, that he could be
better from the opening.'} (16... Na4 $5 {Ftacnik} 17. Nxa4 bxa4 18. b4 Rfc8
$15) 17. Bxf6 Bxf6 18. Nd5 Bxd5 (18... Nxd5 19. exd5 Bf5 20. Nc6 (20. Qd2 Qb5
21. Nc6 b3 22. c3 $13)) 19. exd5 Qb5 20. Nc6 Rxa1 (20... Qc5 21. Qd2 $11) 21.
Qxa1 Qc5 (21... Nxd5 22. Bxd5 Qxd5 23. Nxb4 $11) 22. Qa5 $1 Qxa5 23. Nxa5 Ra8
24. Nc6 Ra2 25. Rb1 Nc4 (25... Na4 26. b3 (26. Bf1 Rxb2 27. Ra1 Nb6) 26... Nc3
27. Nxb4 Rxc2 28. Nxc2 (28. Ra1 Rc1+) 28... Nxb1 29. Ne3 $11) 26. b3 Nd2 27.
Nxb4 (27. Rc1 e4 28. Nxb4 Ra8 (28... Rb2 29. Bxe4 $1 Nxe4 30. Re1 Bc3 31. Rxe4
f5 32. Rc4 $16) 29. Nc6 Bc3 $44) 27... Rxc2 28. Nxc2 Nxb1 29. Ne3 Bd8 30. Nc4
Bc7 31. f4 exf4 32. gxf4 Nc3 33. Kf2 f5 34. Ke3 Kf7 35. Kd3 Nb5 36. b4 Kf6 37.
Bf3 Na7 38. Bd1 Nc8 39. h3 h6 40. Bf3 g5 41. fxg5+ hxg5 (41... Kxg5 42. Ne3)
42. Ke2 1/2-1/2

[Event "Ubeda op 5th"]
[Site "Ubeda"]
[Date "2000.01.24"]
[Round "6"]
[White "Bykhovsky, Anatoly A"]
[Black "Anastasian, Ashot"]
[Result "0-1"]
[WhiteElo "2398"]
[BlackElo "2606"]
[Annotator "Hecht,H"]
[PlyCount "114"]
[EventDate "2000.01.19"]
[EventType "swiss"]
[EventRounds "10"]
[EventCountry "ESP"]
[SourceTitle "CBM 075"]
[Source "ChessBase"]
[SourceDate "2000.04.05"]
[SourceVersion "1"]
[SourceVersionDate "2000.04.05"]
[SourceQuality "1"]

1. e4 c5 2. Nf3 d6 3. d4 cxd4 4. Nxd4 Nf6 5. Nc3 a6 6. g3 e5 7. Nb3 Be7 8. Bg2
O-O 9. a4 Bg4 10. Qd3 Nc6 11. Be3 Rc8 12. O-O Be6 13. Rfd1 Ng4 14. Rac1 Nb4 15.
Qd2 Nxe3 16. fxe3 Bg5 17. Re1 h5 18. Nb1 Na2 19. Rcd1 Bg4 20. a5 Bxd1 21. Rxd1
b6 22. Na3 bxa5 23. Nxa5 Bxe3+ 24. Qxe3 Qxa5 25. Bf1 Nc3 26. Rxd6 Nb5 27. Rd5
Qa4 28. Nxb5 axb5 29. c3 b4 30. Rxe5 bxc3 31. bxc3 Rfe8 32. Rxh5 Qxe4 33. Qxe4
Rxe4 34. c4 Ra8 35. Rf5 Ra1 36. Kf2 Ra2+ 37. Kg1 Rd4 {[#]} 38. Rf2 (38. h4 $5)
38... Rdd2 39. Rxd2 Rxd2 40. Bg2 Rc2 41. Bd5 Kf8 42. h4 {Es liegt keine
theoretische Remisstellung vor, weil Schwarz über den wirksamen Hebel f4
verfügt, wonach der weiße h-Bauer sehr schwach wird.} Ke7 43. Kf1 f6 44. Kg1
Kd6 45. Kf1 Ke5 46. Kg1 Kf5 47. Bf3 Rxc4 48. Kf2 Rc3 49. Kg2 Ke5 50. Kf2 f5 51.
Kg2 Ra3 52. Bc6 Rc3 53. Be8 f4 54. gxf4+ Kxf4 55. Bd7 Rc7 56. Be6 Rc6 57. Bd7
Rh6 0-1

[Event "RUS-Cup02"]
[Site "Moscow"]
[Date "1998.01.23"]
[Round "3"]
[White "Kholmov, Ratmir D"]
[Black "Neverov, Valeriy"]
[Result "1-0"]
[WhiteElo "2475"]
[BlackElo "2540"]
[Annotator "Hecht,H"]
[PlyCount "143"]
[EventDate "1998.01.21"]
[EventType "swiss"]
[EventRounds "9"]
[EventCountry "RUS"]
[SourceTitle "CBM 063"]
[Source "ChessBase"]
[SourceDate "1998.03.26"]
[SourceVersion "1"]
[SourceVersionDate "1998.03.26"]
[SourceQuality "1"]

1. e4 c5 2. Nf3 d6 3. d4 cxd4 4. Nxd4 Nf6 5. Nc3 a6 6. g3 e5 7. Nde2 Be7 8. a4
Nbd7 9. Bg2 b6 10. h3 h5 11. Bg5 Bb7 12. O-O Rc8 13. Qd2 O-O 14. Rfd1 Rc7 15.
Qe3 Rc4 16. b3 Rc5 17. Qd3 Qc7 18. h4 Rc8 19. Bh3 Rd8 20. Rac1 Kf8 21. Be3 Qc6
22. Bxd7 Rxd7 23. Bxc5 dxc5 24. Nd5 Nxd5 25. exd5 Rxd5 26. Qxd5 Qxd5 27. Rxd5
Bxd5 28. c4 Bf3 29. Kf1 g5 30. hxg5 Bxg5 31. Re1 f6 32. Ra1 a5 33. Nc3 Ke7 34.
Ke1 f5 35. Nd5+ Bxd5 36. cxd5 Kd6 {[#] Nach Reduzierung des Bauernmaterials
ergibt sich ab Zug 46 ein technisches Endspiel von 2-2 Bauern am Damenflügel,
das in drei Etappen gewonnen wird: 1. Umgehung durch den weißen König 2.
Abdrängen des schwarzen Königs von b6 3. Nehmen von b6 und a5 unter
Qualitätsopfer  Endspielmedaille für die interessante Strategie (Umgehung).}
37. Ke2 h4 38. gxh4 Bxh4 39. Rh1 Bd8 40. f3 Be7 41. Rh5 Kxd5 42. Rxf5 c4 43.
bxc4+ Kd4 44. Kd2 Bh4 45. f4 Bg3 46. fxe5 Bxe5 47. Kc2 Ke4 48. Rh5 Bd4 49. Kd2
Bc5 50. Rh4+ Ke5 51. Kd3 Kd6 52. Rh6+ Ke5 53. Rh5+ Kd6 54. Ke4 Ba3 55. Rd5+ Kc6
{[%csl Rb6][%cal Ye4e5,Ye5e6,Ye6f7,Yf7e8,Ye8d8,Yd8c8,Yc8b8,Yb8a7,Ya7a6] [#]
Beginn der Umgehung der schwarzen Stellung durch den weißen König.} 56. Ke5
Bb2+ 57. Ke6 Ba3 58. Kf7 Bd6 59. Ke8 Bg3 60. Kd8 Bh4+ 61. Kc8 Bg3 62. Rg5 Bf2 (
62... Bh2 63. Rg2 Bd6 (63... Bf4 64. Rg6+ Kc5 65. Kb7 Kxc4 66. Rg4 $18) 64. Rg6
Kc5 65. Kb7 Bh2 (65... Bf4 66. Ka6 Bd2 67. Rxb6 Kxc4 68. Rb5 Bc3 69. Kb6 $18) (
65... Bf8 66. Rxb6 Kxc4 67. Ka6 Bb4 68. Rb5 Kb3 69. Rxa5 $18) (65... Be7 66.
Rxb6 Kxc4 67. Rb5 Bd8 68. Ka6 Bc7 69. Rb7 Bd8 70. Rb8 $18) 66. Rxb6 Kxc4 67.
Rb5 $18) 63. Kb8 Be3 64. Rb5 Bf2 65. Ka7 Be3 66. Ka6 Bc5 67. Rb3 Bd4 68. Rb1 {
[#] Wartezug und Beginn der Abdrängung des schwarzen Königs vom Bb6.
Anschließend Eroberung von b6/a5.} Be3 (68... Bc5 69. Re1 Bd6 70. Re6 $18) 69.
Re1 Bd4 70. Re6+ Kc5 (70... Kc7 71. Kb5 Kb7 (71... Bf2 72. Re7+ Kd6 73. Rb7 $18
) 72. Re7+ Kb8 73. Kc6 Ka8 74. Rb7 $18) 71. Rxb6 Kxc4 72. Kxa5 1-0

[Event "Serbian-ch 29th"]
[Site "Sabac"]
[Date "1998.05.01"]
[Round "12"]
[White "Matulovic, Milan"]
[Black "Antic, Dejan"]
[Result "1/2-1/2"]
[WhiteElo "2420"]
[BlackElo "2460"]
[Annotator "Hecht,H"]
[PlyCount "174"]
[EventDate "1998.04.20"]
[EventType "tourn"]
[EventRounds "13"]
[EventCountry "YUG"]
[EventCategory "9"]
[SourceTitle "CBM 065"]
[Source "ChessBase"]
[SourceDate "1998.08.06"]
[SourceVersion "1"]
[SourceVersionDate "1998.08.06"]
[SourceQuality "1"]

1. e4 c5 2. Nf3 d6 3. d4 cxd4 4. Nxd4 Nf6 5. Nc3 a6 6. g3 Nc6 7. Bg2 Bg4 8. f3
Bd7 9. Be3 g6 10. Qd2 Bg7 11. O-O O-O 12. Nd5 Rc8 13. Nxc6 Rxc6 14. c3 Nxd5 15.
exd5 Rc4 16. Rfe1 Re8 17. Bf1 Rc8 18. Bd4 Bxd4+ 19. Qxd4 Qa5 20. Re3 Qc5 21.
Rd1 b5 22. a3 Rc7 23. Kf2 Bf5 24. Qxc5 Rxc5 25. Rd4 Kf8 26. Ke1 Rb8 27. Kd2 Bc8
28. b3 Bb7 29. c4 bxc4 30. Bxc4 Rbc8 31. f4 a5 32. a4 R8c7 33. g4 Bc8 34. h3
Bd7 35. Kd3 h6 36. g5 hxg5 37. fxg5 Bf5+ 38. Kd2 Kg7 39. h4 Rb7 40. Rf3 Bd7 41.
Re3 Bf5 42. Rf3 Rb8 43. Re3 Rc7 44. Rf3 Rh8 45. Re3 Rd8 46. Ke2 f6 47. gxf6+
exf6 48. Rf4 Rh8 49. Kf2 Kf7 50. Kg3 Rcc8 51. Rf2 Rce8 52. Rxe8 Rxe8 53. Re2
Rxe2 54. Bxe2 {[#] In spite of the better bishop and the somewhat better pawn
division, Black cannot win, because his king lacks space. [#] Trotz des
besseren Läufers und der etwas günstigeren Bauernverteilung gelingt Schwarz
kein Sieg, da sein König an Raummangel leidet.} Ke7 55. Kf4 Bc2 56. Bc4 Kd8 57.
Ke3 Kc7 58. Kd2 Be4 59. Ke3 Bf5 60. Kd4 Kb6 61. Be2 Bb1 62. h5 gxh5 63. Bxh5
Bh7 64. Be2 Bf5 65. Bh5 Bh3 66. Bf7 Bg4 67. Be6 Bd1 68. Kc4 Bc2 69. Kc3 Be4 70.
b4 f5 71. Kc4 f4 72. bxa5+ Kxa5 73. Kd4 Bc2 74. Bd7 Kb4 (74... Bxa4 75. Bxa4
Kxa4 76. Ke4 Kb4 77. Kxf4 Kc5 78. Ke4 Kc4 79. Ke3 Kxd5 80. Kd3 $11) 75. Bc6 Bf5
76. Bb5 Bb1 77. Bd3 Ba2 78. Bc2 f3 79. Bd1 f2 80. Be2 Kxa4 81. Ke3 Bxd5 82.
Kxf2 Kb4 83. Ke3 Kc3 84. Bd3 Bg2 85. Ba6 d5 86. Ke2 d4 87. Kd1 Bd5 {white
claim a draw. Miodrag Marjanovic, FIDE arbiter, accepted this , but some
players convinced him, that it was not a drawn position, and he changed his
decision. When he order to continued the game, Matulovic, lost on time, after
only two further moves. Matulovic lodged a complaint to The Appeals Committee,
and they declared the game as the draw.} 1/2-1/2

[Event "Hamburg FIDE GP"]
[Site "Hamburg"]
[Date "2019.11.07"]
[Round "1.1"]
[White "Vachier Lagrave, Maxime"]
[Black "Wei, Yi"]
[Result "1-0"]
[WhiteElo "2777"]
[BlackElo "2724"]
[Annotator "Krasenkow,M"]
[PlyCount "93"]
[EventDate "2019.11.05"]
[EventType "k.o."]
[EventRounds "4"]
[EventCountry "GER"]
[SourceTitle "CBM 193"]
[Source "ChessBase"]
[SourceDate "2019.12.31"]
[SourceVersion "1"]
[SourceVersionDate "2019.12.31"]
[SourceQuality "1"]

1. e4 c5 2. Nf3 d6 3. d4 cxd4 4. Nxd4 Nf6 5. Nc3 a6 6. g3 e5 7. Nb3 Be7 8. Bg5
(8. Bg2 {is usually played here. Can you believe that White's f1 bishop is
going to take another square?}) 8... Nbd7 (8... Be6 9. Bxf6 Bxf6 10. Qd3 $5 (
10. Nd5 Bxd5 11. Qxd5 Nc6 12. Bg2 O-O 13. O-O Qc7 14. c3 Rfd8 15. Rfd1 Rac8 16.
a4 {1/2 (16) Czerniak,M-Gheorghiu,F Bucharest 1967}) 10... Be7 (10... Nc6 $5)
11. O-O-O Nd7 12. f4 Nf6 13. f5 Bd7 14. Be2 Bc6 15. g4 h6 16. h4 Nd7 17. Qg3
$36 {1-0 (30) Cornette,D (2405)-Brunello,M (2378) Budva 2019}) 9. a4 (9. Bg2
O-O 10. O-O h6 11. Bxf6 Nxf6 12. Qd2 Qb6 13. Nd5 Nxd5 14. Qxd5 Be6 15. Qa5 Qc6
16. Rac1 Rfc8 $15 {0-1 (43) Kedrov,V (2385)-Yuferov,S (2440) Moscow 1996}) 9...
h6 {It is useful to clarify White's intentions.} (9... b6 10. Bc4 Bb7 11. Qe2
O-O 12. Bxf6 Nxf6 13. Rd1 Qc7 14. O-O Rfc8 15. Nd2 Qc5 16. Bb3 $14 {1/2 (75)
Netzer,J (2284)-Meszaros,M (2355) Budva 2019}) 10. Be3 (10. Bxf6 Nxf6 11. Bc4
Qc7 12. Nd2 h5 $5 $132) 10... b6 {After this move White comfortably places his
bishop to c4 and obtains a small but clear advantage.} (10... O-O $5 11. Bc4 ({
or} 11. a5 b5 12. axb6 Nxb6 13. Na5 Qc7) 11... Nb6 12. Bxb6 Qxb6 {is
definitely more active.}) 11. Bc4 Bb7 12. Nd2 O-O 13. O-O Qc7 14. Qe2 Rfc8 15.
Rad1 Nc5 16. Bxc5 Qxc5 17. Rfe1 $14 g6 {Black fails to understand White's plan
or simply doesn't find a good reply.} ({He had an interesting idea of
counterplay:} 17... Bd8 $5 {[%cal Yb6b5] but after} 18. Qd3 $1 (18. Bb3 $143 b5
$1 19. axb5 Ba5 20. b6 Bxc3 21. bxc3 Qxc3 $13) 18... b5 19. axb5 axb5 20. Bxb5
Bb6 21. Re2 {Black hardly gets sufficient compensation for the pawn.}) 18. Bb3
$1 Kg7 (18... Qb4 19. Nc4) 19. Qc4 $1 {[%mdl 32] Black's queen is an important
defender, after its exchange Black's b6 and d6 pawns become very weak.} Qxc4
20. Nxc4 Rc6 21. Nd5 {This move leads to material gains.} Nxd5 22. exd5 Rc7 23.
Nxe5 (23. Nxb6 {was quite good but the text move gives White a huge advantage,
too. White was probably unsure about} Rb8 24. a5 Bc8 {, e.g.} 25. Ba4 Bd8 26.
Bc6 Bb7 27. Bxb7 Rcxb7 28. Nc4 Rb5 {although this position is close to winning.
}) 23... dxe5 24. d6 Rd7 25. dxe7 Rxe7 26. Rd6 b5 27. a5 {A 'potential queen'
fixes the weakness on a6.} Rc8 (27... Bf3 {was better at once.}) 28. c3 Bf3 {
Black gives up his a6 pawn in order to obtain counterplay but fails to get
enough.} 29. Rxa6 Rd8 30. Rb6 Rd2 31. Rxb5 Rxb2 32. a6 (32. Ra1 {was more
accurate. If} Be2 {then} 33. Rb4 {[%cal Yb3d5]}) 32... Rc7 (32... Be2 $1 33. c4
Ra7 34. Ra1 e4 {[%cal Ra7a6] , and it is difficult for White to make progress.}
) 33. Bc4 $1 Rxb5 34. Bxb5 {[%mdl 4096]} Rxc3 35. Bf1 Rc5 36. Ra1 $16 {White
has consolidated his position, and his outside passed pawn gives his good
winning chances.} Ba8 37. Be2 e4 38. Kf1 Kf6 39. Ke1 Ke5 40. Kd2 f5 41. Rb1 (
41. a7 $5 g5 42. Ra6) 41... g5 42. Rb5 {An interesting idea. The bishop
endgame is probably drawn but Black should display extreme accuracy.} Kd4 $2 (
42... Rxb5 43. Bxb5 f4 {was correct} ({but not} 43... Kd4 $2 44. Bd7 f4 45. Bc8
) {After} 44. Kc3 {, and, say,} h5 {I don't see a win for White, e.g.} 45.
gxf4+ gxf4 46. h4 ({or} 46. Bd7 Kd6 47. Be8 h4 48. Kd4 Kc7 49. Bg6 e3 50. fxe3
fxe3 51. Kxe3 Kb6 52. Bd3 Bg2 53. Kf4 h3 54. Kg3 Ka7 55. Bf5 Kxa6 56. Bxh3 Bc6
{with a drawish endgame}) 46... f3 47. Kd2 (47. Be8 e3 48. fxe3 f2 49. Bb5 Ke4
50. Kd2 Kf3 $11) 47... Kf4 48. Bd7 (48. Ke1 e3) 48... e3+ 49. Ke1 (49. fxe3+
Kg3) 49... Be4 50. Bc8 Bd3 51. Bb7 exf2+ 52. Kxf2 Bxa6 $11) 43. Rxc5 Kxc5 44.
Ke3 $18 {White has stopped ...f5-f4 and wins.} Bc6 45. Bh5 Kd5 (45... Kb6 46.
Bg6 Bd7 47. Kd4 $18) 46. a7 Ke5 (46... Kc5 47. Bg6) 47. f4+ (47. f4+ gxf4+ 48.
gxf4+ Kf6 (48... Kd5 49. Be8 Ba8 50. Bd7) 49. Be8 Ba8 50. Bd7 Kg6 51. Kd4 Kf6
52. Kc5 {[%cal Rd7c6]} e3 53. Bb5 $18) 1-0

[Event "Bundesliga 0607"]
[Site "Germany"]
[Date "2006.11.18"]
[Round "3.3"]
[White "L'Ami, Erwin"]
[Black "Ftacnik, Lubomir"]
[Result "1/2-1/2"]
[WhiteElo "2593"]
[BlackElo "2578"]
[Annotator "L'Ami,E"]
[PlyCount "109"]
[EventDate "2006.10.28"]
[EventType "team-tourn"]
[EventRounds "15"]
[EventCountry "GER"]
[SourceTitle "CBM 116"]
[Source "ChessBase"]
[SourceDate "2007.02.01"]
[SourceVersion "1"]
[SourceVersionDate "2007.02.01"]
[SourceQuality "1"]
[WhiteTeam "Katernberg"]
[BlackTeam "Hamburger SK"]
[WhiteTeamCountry "GER"]
[BlackTeamCountry "GER"]

1. e4 c5 2. Nf3 d6 3. d4 cxd4 4. Nxd4 Nf6 5. Nc3 a6 6. g3 e5 7. Nb3 Nbd7 8. a4
Be7 ({This looks like a very risky strategy to me. White is allowed to play
a4-a5 which Black normally prevents by playing} 8... b6 {himself. White then
continues with the 'simple' Bg2, O-O, Re1, Nd2-f1-e3 (perhaps with Bg5xf6
included, to get a firmer grip on the d5-square) and has a rather risk-free
game ahead.}) 9. a5 O-O 10. Bg2 Qc7 11. O-O b5 12. axb6 Nxb6 13. Na5 {The
knight is on his way to the excellent outpost c6 after a subsequent Nd5 Nxd5
exd5.} Bg4 $6 ({This doesn't stop White from executing his plan. It was
essential to challenge the knight on a5 with} 13... Nc4 {after which} 14. Nxc4
Qxc4 15. Re1 {is a little bit better for White.}) 14. Qd3 Rfc8 {Stopping Nd5
for the time being.} 15. Bd2 h6 ({In our brief analysis after the game we
concluded Black has enough counterplay after} 15... Nfd7 16. Rfc1 Nc5 17. Qf1
Ne6 18. Nd5 Nxd5 19. exd5 Nd4 {. But instead of 18.Nd5 White should first make
some prophylactic moves: 18.h3 Bh5 19.Be3! with a big advantage.}) 16. Rfc1
Nfd7 ({The ending after} 16... Nc4 17. Nxc4 Qxc4 18. Qxc4 Rxc4 {isn't much fun
of course:} 19. f3 Bc8 (19... Be6 20. Bf1 Rc6 21. Bb5 $1 {and the a-pawn falls.
}) 20. Bf1 {and White can start the torture.}) 17. Nd5 Nxd5 18. exd5 f5 19. Nc6
$1 {Mission completed.} Bf6 20. Ba5 Qb7 21. Qa3 $1 Nc5 22. Bb4 {It turns out
Black already has to give a pawn.} e4 ({The best chance as} 22... Qb6 23. Bxc5
dxc5 24. Qa5 $1 {is even worse. (} Qxb2 25. Rab1 {)}) 23. Bxc5 dxc5 24. Qxc5
Re8 25. c3 $2 ({Here I began to drift. Vladimir Chuchelov immideately pointed
out} 25. b4 $1 {after the game and although I saw this move I rejected it
because I felt it wasn't necessary for such 'drastic' measures like an
exchange sacrifice. In fact I greatly underestimated Black's chances in the
game whereas after} Bxa1 26. Rxa1 {Black hasn't got much counterplay left and
White is ready to push his c- en d-pawns.}) 25... Bg5 26. Rc2 f4 27. Re1 $6 f3
28. Bf1 Qd7 {Things got terribly out of hand.} 29. Qd4 Bf5 30. h4 Bf6 31. Qe3
Bh3 32. Kh2 Bxf1 33. Rxf1 Qxd5 ({Even more convincing is} 33... Bxh4 $1 34. Qd4
(34. gxh4 Qg4 $1) 34... Bf6 35. Qc4 Qf5 {which looks pretty disgusting.}) 34.
Nd4 Qh5 35. Qf4 (35. Kh3 {is asking for Bxh4!}) 35... Be5 36. Qf5 Qxh4+ 37. Qh3
(37. Kg1 {would be met by} Bxg3 $1 38. fxg3 Qxg3+ 39. Kh1 Re5 $1 40. Rg1 Rxf5
41. Rxg3 f2 42. Rxg7+ Kh8 {winning.}) 37... Qf6 {This position should of
course be technically winning for Black but some accuracy is still required.}
38. Nf5 Rad8 39. Ne3 Bb8 $6 ({Here the Bishop is misplaced.} 39... Rd3 {
followed by Red8, would have been preferable.}) 40. c4 h5 $6 41. Kg1 g6 42. c5
$1 {Trying to complicate matters.} Qc6 43. b4 Rd3 44. Rd1 Red8 45. Rcc1 Be5 46.
Qh4 Rxd1+ $2 ({Now White should be more or less OK, White still had a tough
struggle ahead of him if Black had gone} 46... Bf6 47. Qf4 Kg7 {.}) 47. Rxd1
Rxd1+ 48. Nxd1 Qd5 $6 ({Still} 48... Bf6 {was better after which I planned} 49.
Qf4 Kg7 50. Ne3 {with compensation for the pawn.}) 49. Ne3 Qd2 50. Qg5 Bd4 $1
51. Qxg6+ Kf8 52. Qf5+ Kg8 53. Qe6+ Kf8 54. Qd6+ ({And because of} 54. c6 Qe1+
55. Kh2 Qxf2+ 56. Kh3 Bxe3 57. c7 Qf1+ 58. Kh4 Qh1+ 59. Qh3 Bg5+ $1 60. Kxg5
Qxh3 {winning, we agreed to a draw.}) 54... Kg8 55. Qe6+ 1/2-1/2

[Event "Belgrade Investbank"]
[Site "Belgrade"]
[Date "1997.11.17"]
[Round "6"]
[White "Georgiev, Kiril"]
[Black "Lautier, Joel"]
[Result "1/2-1/2"]
[WhiteElo "2670"]
[BlackElo "2660"]
[Annotator "Lautier,J"]
[PlyCount "63"]
[EventDate "1997.11.11"]
[EventType "tourn"]
[EventRounds "9"]
[EventCountry "YUG"]
[EventCategory "18"]
[SourceTitle "CBM 062"]
[Source "ChessBase"]
[SourceDate "1998.01.31"]
[SourceVersion "1"]
[SourceVersionDate "1998.01.31"]
[SourceQuality "1"]

1. e4 c5 2. Nf3 d6 3. d4 cxd4 4. Nxd4 Nf6 5. Nc3 a6 6. g3 e5 7. Nde2 b5 8. Bg2
Bb7 9. a3 Nbd7 10. h3 Nc5 $1 11. Bg5 Be7 12. Bxf6 Bxf6 13. Nd5 Na4 $1 14. b3 (
14. Rb1 Rc8 {/\ Bd5, Rc2} 15. Nec3 Nxc3 16. Nxc3 O-O $11) 14... Nb6 15. Ne3 O-O
(15... Bg5 $2 16. Nf5) 16. h4 d5 $5 (16... Qc7 17. O-O Rfd8 18. c4 bxc4 19.
bxc4 Qc5 (19... Nxc4 $2 20. Rc1 Nxe3 21. Rxc7 Nxd1 22. Rxb7 $18) 20. Qb3 $11)
17. exd5 e4 18. c4 $1 (18. Rc1 Bb2 (18... Nxd5 $2 19. Bxe4 Nxe3 (19... Qa5+ 20.
b4 Nxb4 21. Bxb7 Rad8 22. axb4 Rxd1+ 23. Rxd1 Qxb4+ 24. Kf1 $16) 20. Qxd8 Raxd8
21. Bxb7 $16) (18... Re8 $5 19. c4 Bb2 20. Rc2 Bxa3 21. O-O Bc5 22. Qd2 bxc4
23. bxc4 a5 $132) 19. Rb1 (19. c4 $2 Bxc1 20. Qxc1 bxc4 21. bxc4 Rc8 22. O-O
Nxc4 23. Nxc4 Qxd5 $19) 19... Bxa3 20. Bxe4 (20. b4 $2 Nxd5 21. Nxd5 Qxd5 22.
Qxd5 Bxd5 23. c3 a5 $17) 20... Bc5 21. Qd3 Re8 22. Nf4 Qe7 23. Bxh7+ (23. Bf3
Bxe3 24. fxe3 Qxe3+ 25. Qxe3 Rxe3+ 26. Kf2 Rc3 $15) 23... Kh8 24. O-O Bxe3 25.
fxe3 Qxe3+ $36) 18... Bxa1 19. Qxa1 bxc4 20. bxc4 Rc8 21. Qd4 (21. Nf5 $2 f6
$17) 21... Qf6 $1 22. Bh3 $1 {[]} (22. Qxf6 gxf6 23. Bh3 Rc5 $1 24. O-O Bc8 (
24... Nxc4 25. Rc1 Nxe3 26. Rxc5 Nxd5 27. Nd4 $44) 25. Bg2 Bd7 26. Rc1 Rfc8 $15
) 22... Qxd4 (22... Nxc4 23. Qxf6 gxf6 24. Bxc8 Rxc8 25. O-O Nxe3 (25... Nxa3
26. Nf4 Nb5 27. Nf5 $44) 26. fxe3 Bxd5 27. Rxf6 $11) (22... Rc7 $1 23. d6 (23.
Qxf6 $6 gxf6 24. O-O Bc8 (24... Nxc4 $2 25. Rc1 $16) 25. Bg2 Bd7 26. d6 Rc5 (
26... Rc6 27. Bxe4 Rxd6 28. c5 Re6 29. Bf5 Re5 30. Ng4 Rxe2 (30... Rxf5 $2 31.
Nh6+ Kg7 32. Nxf5+ Bxf5 33. cxb6 $16) (30... Rxc5 $2 31. Nxf6+ Kg7 32. Nxd7 $16
) 31. Nxf6+ Kg7 32. Nxd7 Nxd7 33. Bxd7 Rc2 34. c6 Rb8 35. Re1 Rb3 36. a4 $13)
27. Nc3 (27. Nd4 $6 Nxc4 28. Rc1 Rfc8 29. Nb3 Rb5 $1 (29... R5c6 $2 30. Bxe4
$16 (30. Nd4 $2 Rxd6)) 30. Nd4 Nxe3 31. Rxc8+ Bxc8 32. Nxb5 Nxg2 33. Na7 (33.
Nc3 Ne1 34. Nxe4 Nf3+ 35. Kg2 Ne5 36. Nxf6+ Kg7 $17) 33... Bd7 34. Kxg2 f5 $17)
(27. Bxe4 Nxc4 $15) 27... f5 (27... Nxc4 $2 28. Nxe4 Nxe3 29. Nxc5 Nxf1 30.
Nxd7 Rd8 31. Nxf6+ Kg7 32. Ne4 $18) 28. Ncd5 Nxd5 29. Nxd5 Kg7 $15) 23... Rc6
24. Qxf6 gxf6 25. O-O (25. Nd4 $2 Rxd6 26. c5 Rxd4 27. cxb6 Rd6 $19) (25. Bf5
Rc5) 25... Nxc4 (25... Rxd6 26. c5 (26. Rb1 Bc8) 26... Rd2 27. Rb1 Bc8 28. Rxb6
Bxh3 29. Nf4 Bc8 30. Rxf6 $13) 26. Nxc4 Rxc4 27. d7 Rd8 28. Rd1 Bc6 29. Rd6 $44
) 23. Nxd4 Nxc4 24. Bxc8 Rxc8 25. Ndf5 $1 Kf8 26. Ke2 g6 $1 $11 (26... Nxa3 27.
Nd6 Rc7 28. Ra1 Nb5 29. Nxb7 Rxb7 30. Rxa6 $14) 27. Nxc4 (27. Rc1 $6 Nxa3 $15)
(27. Rb1 Bxd5 $1 28. Nxd5 gxf5 29. Rc1 Rd8 $1 $11 (29... Nd6 30. Rxc8+ Nxc8 31.
Ke3 $14)) 27... Rxc4 28. Rb1 (28. Nd6 $2 Rc2+ 29. Ke3 (29. Kd1 Ra2 $17) 29...
Bxd5 $17) (28. Ne3 Rd4 $11) 28... gxf5 29. Rxb7 Rd4 30. Ra7 Rxd5 31. Rxa6 Kg7
32. a4 (32. a4 Rd3 33. Rb6 (33. Ra5 Kf6) 33... Ra3 34. Rb4 Ra2+ 35. Ke3 Ra3+
$11) 1/2-1/2